000
00218 a2200097 4500
001
28861
100
_a
Kuo, S S
245
_a
Numerical Methods & Computers
260
_a
_b
Addison Wesley
_c
1965
090
_c
19307
_d
19307
942
_a
NUST-CAE
_c
M
_c
10344
999
_c
263934
_d
263934